|
|
|
|
| LEADER |
00000naa2a2200000 4500 |
| 001 |
391135 |
| 005 |
20231101064043.0 |
| 035 |
|
|
|a (RuTPU)RU\TPU\prd\24934
|
| 090 |
|
|
|a 391135
|
| 100 |
|
|
|a 20040407a2004 k y0rusy50 ca
|
| 101 |
0 |
|
|a rus
|
| 102 |
|
|
|a RU
|
| 200 |
1 |
|
|a Получение сероорганических соединений из углеводородного сырья (обзор)
|f А. Х. Шарипов
|
| 320 |
|
|
|a Библиогр.: 52 назв.
|
| 461 |
|
1 |
|0 (RuTPU)RU\TPU\prd\1600
|x 0028-2421
|t Нефтехимия
|o научный журнал
|f Российская академия наук (РАН)
|d 1963-
|
| 463 |
|
1 |
|0 (RuTPU)RU\TPU\prd\24187
|t Т. 44, № 1
|v С. 3-10
|d 2004
|
| 610 |
1 |
|
|a углеводородное сырье
|
| 610 |
1 |
|
|a сероорганические соединения
|
| 610 |
1 |
|
|a получение
|
| 610 |
1 |
|
|a промышленные способы
|
| 610 |
1 |
|
|a сульфиды
|
| 610 |
1 |
|
|a сульфоксиды
|
| 610 |
1 |
|
|a дисульфиды
|
| 610 |
1 |
|
|a меркаптаны
|
| 610 |
1 |
|
|a сернистые нефти
|
| 610 |
1 |
|
|a газовые конденсаты
|
| 610 |
1 |
|
|a тиофены
|
| 610 |
1 |
|
|a модификация
|
| 610 |
1 |
|
|a экологичность
|
| 675 |
|
|
|a 665.7.033.52.057.622.7
|v 3
|
| 700 |
|
1 |
|a Шарипов
|b А. Х.
|
| 801 |
|
1 |
|a RU
|b 63413507
|c 20040407
|g PSBO
|
| 801 |
|
2 |
|a RU
|b 63413507
|c 20130724
|g RCR
|
| 942 |
|
|
|c BK
|